000 01365nam a2200193Ia 4500
003 Ost
005 20260507075654.0
008 260507s9999||||xx |||||||||||||| ||und||
040 _cfsecg
041 _aara
082 _a346.07
100 _aالغرياني، المعتصم بالله
_eمؤلف
245 0 _aالقانون التجاري /
_c المعتصم بالله الغرياني
260 _aالاسكندرية:
_bدار الجامعة الجديدة,
_c2005
300 _a309 صفحة؛
_bإيضاحات ؛
_c24 سم
520 _aنطاق القانون التجاري: الحرفة التجارية، موضوع الحرفة التجارية، القائم بالحرفة التجارية (التاجر)، أصول الحرفة التجارية (المتجر)، أحكام الحرفة التجارية: الاختصاص القضائي بالمنازعات التجارية، قواعد لإثبات في المواد التجارية، أحكام المسؤولية العقدية، أحكام المطالبة القضائية بالالتزامات القضائية بالالتزامات التجارية، المسؤولية التقصيرية التجارية، أحكام الملكية التجارية، المعاملات الواردة على الجل التجاري.
653 _aالقانون التجاري
942 _cكتاب
999 _c45658
_d45658